00766nam a22002295i 450000100060000000300090000600500170001500700030003200800410003502000180007604000220009408000220011610000390013824501230017726000830030030000290038349000200041250400320043270000190046483000200048385200330050313067ES-MaACL20240426063017.0t|950615s1994 sp ||||0| spa j a84-7962-067-6 aM-BN bspa cM-BN a860(729.5)-14"19"0 aMatos Paoli, Francisco,d1915-200010aPoesía esencial de Francisco Matos Paoli b: "estudio y antología" / c[selección de] Louis Bourne ... [et al.]. aMadrid : bCentro de Estudios Poéticos Hispánicos : bVerbum, cD.L. 1994. a63 p. : bil. ; c20 cm.1 aVerbum poesía aBibliografía: p. [57]-63.1 aBourne, Louis.0 aVerbum poesía aES-MaACLjL-20412 bR.124360